| 000 | 00501pam a2200193 a 4500 | ||
|---|---|---|---|
| 020 | _c | ||
| 040 | _aMedical College Lib. | ||
| 041 |
_aENG _hENG |
||
| 082 |
_a617.5 _bMEN |
||
| 100 | _aMenelaus , M. B. . | ||
| 245 |
_aThe mnagement of Limb Inequality / _c _hTextual Documents |
||
| 260 |
_a : _bChurchill Liv. , _c1991. |
||
| 300 |
_a226 ; _c |
||
| 365 | _a75=00 | ||
| 653 |
_aOrthopaedis _aMedical Science |
||
| 930 | _a1416 | ||
| 999 |
_c1415 _d1415 |
||